00426nam a2200157Ia 4500008004100000020001500041082001700056100001900073245004700092250000800139260003800147300002900185500001900214600002000233650001500253240925s9999 xx 000 0 und d a8120324978 a672.1382 TOM aTomasi , Wayne 0aAdvanced Electronic Communications Systems a6th aNew Delhi:bPrentice Hallc,2004. axxiv,880p.bNAfOriginal aIncludes Index aSocial Sciences aManagement